000 002500000a22000970004500
100 1 _aMartin, Danny D.
245 1 0 _aThe place of the local church in tentmaking
300 _aVol. 14, Núm 13 (1997), Páginas 131-132
773 0 _tEvangel
942 _cANA
999 _c54160
_d54160